| 000 | 00582nam a22001937a 4500 | ||
|---|---|---|---|
| 999 |
_c3997 _d3954 |
||
| 008 | 200114b ||||| |||| 00| 1 eng d | ||
| 020 | _a9753639317 | ||
| 041 | _atur | ||
| 050 | _aPL248.A75 | ||
| 100 |
_91769 _aAtılgan, Yusuf |
||
| 245 |
_aCanistan : Bütün Yapıtları :Roman _cKitap Editörü : Murat Yalçın |
||
| 250 | _a1.Baskı | ||
| 260 |
_aİstanbul: _bYapı Kredi Yayınları, _cEkim 2000 |
||
| 300 | _a78 Sayfa | ||
| 500 | _aYapı Kredi Yayınları ; 1394 Edebiyat ; 375 | ||
| 650 | 0 |
_9145 _aTürk Edebiyatı |
|
| 700 |
_91236 _aYalçın, Murat |
||
| 942 |
_2lcc _cBK |
||